Statistics for Who Controls What: Year 1800

Click here to take the quiz!

General Stats

  • This quiz has been taken 90 times
  • The average score is 11 of 18

Answer Stats

CityCountry% Correct
BostonUnited States
93%
AnchorageRussian Empire
90%
Hong KongQing Dynasty
75%
OsloDenmark
69%
Addis AbabaAbyssinia
68%
TobagoSpain
67%
MauritiusFrance
64%
VancouverSpain
64%
Cape TownNetherlands
62%
AstanaRussian Empire
61%
OdessaOttoman Empire
60%
Santo DomingoFrance
60%
MunichBavaria
59%
MinskPoland
49%
SydneyGreat Britain
48%
FlorenceTuscany
38%
ArubaGreat Britain
28%
St BarthelemySweden
26%

Score Distribution

Percentile by Number Answered

Percent of People with Each Score

Your Score History

You have not taken this quiz